000
00303nam a22001217a 4500
020
_a
0-19-569835-5
082
_a
297.0954 ROB
100
_a
Robinson Francis
245
_a
Islam South Asia, and The West
260
_a
New Delhi
_b
Oxford University Press
_c
2008
650
_a
Islam-South Asia
942
_c
BK
999
_c
20333
_d
20333